| 000 | 01232nac a22002411u 4500 | ||
|---|---|---|---|
| 010 | _a 2003065107 | ||
| 020 | _a007289024X (alk. paper) | ||
| 020 | _a0071112154 (International ed.) | ||
| 082 | 0 | 0 |
_a658.4012 _bP3591 |
| 090 |
_c4093 _d4093 |
||
| 100 | _aPearce, John A. | ||
| 245 | 1 | 0 |
_aStrategic management : _bformulation, implementation, and control / _cJohn A. Pearce II, Richard B. Robinson, Jr. |
| 250 | _a9th ed. | ||
| 260 |
_aBoston, Mass. : _bMcGraw-Hill, _cc2005. |
||
| 300 |
_a1 v. (various paging) : _bill. (some col.) ; _c26 cm. |
||
| 500 | _aIncludes access to a website; various other multi-media instructional reference tools are available to supplement the text. | ||
| 504 | _aIncludes bibliographical references and index. | ||
| 650 | 0 | _aStrategic planning. | |
| 700 | 1 |
_aRobinson, Richard B. _q(Richard Braden), _d1947- |
|
| 942 |
_cBB _k658.4012P3591 |
||
| 999 |
_c4093 _d4093 |
||